000
00317nam a22001457a 4500
008
230721b ||||| |||| 00| 0 eng d
020
_a
9780471159421
041
_a
eng
080
_a
521
082
_a
521FUL
100
_a
19
101
_a
ASTRO
245
_a
ATAIRWAYS TO THE STARS
_c
AVENI . A
942
_2
udc
_c
BK
999
_c
60193
_d
60193